00345nam a2200109Ia 450000100070000000500170000700800410002424500530006526000100011899900190012895200880014764243220250826153526.0250824s9999 xx 000 0 und d 0aRuby Rogers Kime Bakıyorsun Öyle?cSue Limb bALTIN c642432d642432 00104070a1004b1004d2025-08-24l0p1004106r2025-08-26 15:35:26w2025-08-26yBK